书目信息 |
| 题名: |
工程热力学
|
|
| 作者: | 王修彦 主编 | |
| 分册: | ||
| 出版信息: | 北京 机械工业出版社 2008.01 |
|
| 页数: | 257页 | |
| 开本: | 26cm | |
| 丛书名: | ||
| 单 册: | ||
| 中图分类: | TK123 | |
| 科图分类: | ||
| 主题词: | 工程热力学--gong cheng re li xue--高等教育--教材 | |
| 电子资源: | ||
| ISBN: | 978-7-111-22309-2 | |
| 000 | 00946nam0 2200241 450 | |
| 001 | 012008181405 | |
| 005 | 20160914154227.19 | |
| 010 | @a978-7-111-22309-2@dCNY28.00 | |
| 100 | @a20080419d2008 em y0chiy0120 ea | |
| 101 | 0 | @achi |
| 102 | @aCN@b110000 | |
| 105 | @aa a 000yy | |
| 200 | 1 | @a工程热力学@Agong cheng re li xue@f王修彦主编@Fwang xiu yan zhu bian |
| 210 | @a北京@c机械工业出版社@d2008.01 | |
| 215 | @a257页@c图@d26cm | |
| 300 | @a普通高等教育“十一五”国家级规划教材 | |
| 320 | @a有书目 (第257页) | |
| 330 | @a全书共13章,讲述了热力学基本概念、热力学第一定律和第二定律、理想气体和水蒸气的性质及各种热力过程、热力学一般关系式和实际气体的性质、气体和蒸气的流动、气体和蒸汽动力装置循环、制冷循环、湿空气的性质、化学热力学基础等。 | |
| 606 | 0 | @a工程热力学@Agong cheng re li xue@x高等教育@j教材 |
| 690 | @aTK123@v4 | |
| 701 | 0 | @a王修彦@Awang xiu yan@4主编 |
| 801 | 0 | @aCN@bQSSK@c20080419 |
| 905 | @b293367-69@dTK123@eW398@f3 | |
| 工程热力学/王修彦主编.-北京:机械工业出版社,2008.01 |
| 257页:图;26cm |
| 普通高等教育“十一五”国家级规划教材 |
| ISBN 978-7-111-22309-2:CNY28.00 |
| 全书共13章,讲述了热力学基本概念、热力学第一定律和第二定律、理想气体和水蒸气的性质及各种热力过程、热力学一般关系式和实际气体的性质、气体和蒸气的流动、气体和蒸汽动力装置循环、制冷循环、湿空气的性质、化学热力学基础等。 |
| ● |
| 相关链接 |
|
|
|
正题名:工程热力学
索取号:TK123/W398
 
预约/预借
| 序号 | 登录号 | 条形码 | 馆藏地/架位号 | 状态 | 备注 |
| 1 | 1238577 | 212385774 | 自科库501/501自科库 136排1列4层/ [索取号:TK123/W398] | 在馆 | |
| 2 | 293367 | 202933674 | 能源与建筑环境工程学院资料室/ [索取号:TK123/W398] | 在馆 | |
| 3 | 293368 | 202933683 | 期刊室512/501自科库 136排1列1层/ [索取号:TK123/W398] | 在馆 | |
| 4 | 293369 | 202933692 | 自科库501/501自科库 136排1列4层/ [索取号:TK123/W398] | 在馆 |